| 000 | 01418cam a2200397 a 4500 | ||
|---|---|---|---|
| 001 | 12694924 | ||
| 003 | OSt | ||
| 005 | 20140403132832.0 | ||
| 008 | 020307s2002 nyu j 000 1 eng | ||
| 010 | _a 2002003264 | ||
| 020 | _a9780439265997 | ||
| 040 |
_aDLC _cDLC _dDLC |
||
| 042 | _alcac | ||
| 050 | 0 | 0 |
_aPZ 7 _b.C88284At 2004 |
| 100 | 1 | _aCrossley-Holland, Kevin. | |
| 245 | 1 | 0 |
_aAt the crossing-places / _cKevin Crossley-Holland. |
| 250 | _a1st American ed. | ||
| 260 |
_aNew York, NY : _bArthur A. Levine Books, _c2004. |
||
| 300 |
_a394 p. ; _c24 cm. |
||
| 490 | 1 |
_aArthur trilogy ; _vbk. 2 |
|
| 521 | _aG4 | ||
| 526 | _c650 | ||
| 600 | 0 | 0 |
_aCrossley-Holland, Kevin _vJuvenile fiction. _919036 |
| 600 | 0 | 1 |
_aArthur, King _vFiction. _919037 |
| 650 | 1 |
_aIdentity _vFiction. _919038 |
|
| 650 | 1 |
_aMagic _vFiction. _919039 |
|
| 650 | 1 |
_aMiddle Ages _vFiction. _919040 |
|
| 651 | 1 |
_aGreat Britain _xHistory _yRichard I, 1189-1199 _vFiction. _919041 |
|
| 651 | 1 |
_aGreat Britain _xHistory _yJohn, 1199-1216 _vFiction. _919042 |
|
| 800 | 1 |
_aCrossley-Holland, Kevin. _tArthur trilogy ; _vbk. 2. _919043 |
|
| 856 | 4 | 2 |
_3Publisher description _uhttp://www.loc.gov/catdir/description/schol051/2002003264.html |
| 906 |
_a7 _bcbc _corignew _d1 _eecip _f20 _gy-gencatlg |
||
| 942 |
_2lcc _cBK |
||
| 999 |
_c47411 _d47411 |
||